000 00389nam a2200133Ia 4500
003 GCL
008 140319s9999 xx 000 0 ara d
040 _aGCL /
_cGCL
082 0 4 _a348.068
245 1 0 _aالوسيط فى شرح القانون المدنى الأردنى
260 _a[S.N] :
_bالدار العربية للموسوعات ،
_c1979
300 _a3 مجلدات
490 _a
999 _c37562
_d37562